000 00451nam a22001817a 4500
005 20180205112753.0
008 160428b xxu||||| |||| 00| 0 eng d
020 _a0-07-460401-5
041 _aeng
082 _b00582
_a005.133
100 _aBalagurusamy, E
_9165
245 _aProgramming in ANSI 'C'
250 _a3rd ed.
260 _aNew Delhi
_bTata MC Graw Hill,
_c2004
300 _a493
650 _aInformation Technology
_9137
942 _cBK
999 _c166
_d166